Lịch sử Việt Nam Từ nguồn gốc đến thế kỷ XIX

Uloženo v:
Podrobná bibliografie
Hlavní autor: Đào, Duy Anh
Další autoři: Võ, Văn Thành
Médium: Kniha
Jazyk:Vietnamese
Vydáno: Hà Nội Văn Hóa Dân tộc 2018
Témata:
Tagy: Přidat tag
Žádné tagy, Buďte první, kdo otaguje tento záznam!
Thư viện lưu trữ: Trung tâm Học liệu Lê Vũ Hùng, Trường Đại học Đồng Tháp
LEADER 00829pam a22002538a 4500
001 00042688
005 20181017081021.0
008 130124s2011 ||||||viesd
020 # # |c 165000  |a 978 604 70 2070 6 
041 0 # |a vie 
082 1 4 |a 959.701  |b L302S 
100 1 # |a Đào, Duy Anh 
245 1 0 |a Lịch sử Việt Nam Từ nguồn gốc đến thế kỷ XIX  |c Đào Duy Anh 
260 # # |a Hà Nội  |b Văn Hóa Dân tộc  |c 2018 
300 # # |a 583 tr.  |c 24 cm.  |b minh họa 
653 # # |a Lịch sử 
653 # # |a Việt Nam 
653 # # |a Thế kỉ XIX 
653 # # |a Lịch sử trung đại 
653 # # |a Sự kiên 
700 1 # |a Võ, Văn Thành 
852 # # |j KM.0026686 
910 |d 17/10/2018 
980 # # |a Trung tâm Học liệu Lê Vũ Hùng, Trường Đại học Đồng Tháp